000 02362nam a2200325 a 4500
001 BRCA_3175
005 20190320204140.0
008 130209s1612----enk#---###---#000-0#eng-u
041 _aeng
044 _aenk
084 _a477
_b.S73
_c1612
100 1 _aCervantes Saavedra, Miguel de
_d1547-1616
_9213
245 1 0 _aThe History of the Valorous and Wittie Knight-Errant Don Quixote of the Mancha
_cMiguel de Cervantes.
260 _aLondres
_bWilliam Stansby
_c1612
300 _a1 v. (en varias paginaciones)
_c19 cm.
500 _aContenido : Primera parte. Dedicatoria del traductor. Prólogo del autor. Algunos versos preliminares. Texto
500 _aEdición : Translated out of the Spanish by Thomas Shelton
500 _aPrimera traducción inglesa de la primera parte hecha por Thomas Shelton. Éste tomó por modelo la edición de Bruselas (1607). Traducción a tal grado literal, que hasta los refranes están vertidos palabra por palabra; lo mismo ocurre con las poesías, por cuyo motivo resultan los versos duros y faltos de armonía. Ha servido de modelo a gran número de ediciones inglesas posteriores. El traductor suprime la dedicatoria cervantina al Duque de Béjar y algunos versos preliminares. Su valor especial reside, no sólo en ser la primera versión inglesa sino en constituir la primera traducción del Quijote a una lengua extranjera, así como en su gran rareza, ya que de esta edición, desconocida durante muchos años, sólo se conocen hoy dos ejemplares: uno incompleto que se guarda como preciosa joya en el Museo Británico, y otro, muy bien conservado, que forma parte de la rica Colección cervantista Isidro Bonsoms. El presente ejemplar es, por ende, el tercero conocido en el mundo. Bellamente encuadernado en fina piel roja; adornado con dorados Lúdovik Osterc
500 _aEstado físico : Ejemplar defectuoso, las primeras tres hojas son fotocopias
500 _aQM397
546 _aTexto en : inglés
650 1 4 _aNovela española
_yÉpoca clásica, 1500-1700
_9215
650 1 4 _aLiteratura española
_yÉpoca clásica, 1500-1700
_9216
650 1 4 _aNovela española
_ySiglo XVII
_9217
650 1 4 _aDon Quijote (Personaje ficticio)
_eNovela
_9218
700 1 _aShelton, Thomas
_d?-1626
_eTraductor
_98545
740 0 _aEl Ingenioso Hidalgo Don Quijote de la Mancha
902 _aQFM
942 _2lcc
_cB
999 _c2911
_d2911